| 000 | 01047nas a2200373 4500 | ||
|---|---|---|---|
| 001 | BR2015000859 | ||
| 003 | BR-BrBNA | ||
| 005 | 20231205125120.0 | ||
| 007 | ta | ||
| 008 | 230509b bl.|||p| |||| 00| 00por d | ||
| 040 |
_aBR-BrBNA _bpor _cBiblioteca Nacional de Agricultura |
||
| 041 | _a(Pt) | ||
| 072 | _aF01; Q04 | ||
| 100 | 1 | _aNeto, J.E.B. | |
| 100 | 1 | _aChagas, E.A | |
| 100 | 1 | _aSanches, J. | |
| 100 | 1 | _aPio, R. | |
| 100 | 1 | _aAntoniali, S. | |
| 100 | 1 | _aCia, P. | |
| 100 | 1 | _a | |
| 245 | 1 | _aProdução e qualidade pós-colheita de cultivares de pereira nas condições subtropicais da região leste paulista | |
| 650 | _aPERA | ||
| 650 | _aVARIEDADE | ||
| 650 | _aPRODUÇÃO VEGETAL | ||
| 650 | _aPÓS-COLHEITA | ||
| 650 | _aQUALIDADE | ||
| 650 | _aINVERNO | ||
| 650 | _aCONDIÇÃO AMBIENTAL | ||
| 650 | _aSÃO PAULO | ||
| 650 | _a | ||
| 773 | 0 |
_tCiência Rural (Brazil) _xISSN 0103-8478 _g(Oct. 2014), v. 44(10) p.1740-1746 _wBR2015000859 |
|
| 909 |
_a202311 _bLúcia _c55 _dLúcia Elande |
||
| 942 |
_2AGRIS _n0 _cANA |
||
| 999 |
_c242714 _d242714 |
||